Kyowa seed: Vegetable seeds catalogue
Gardado en:
| Formato: | Libro |
|---|---|
| Idioma: | Undetermined |
| Publicado: |
Japan
Kyowa Seed Co
|
| Những chủ đề: | |
| Các nhãn: |
Engadir etiqueta
Sen Etiquetas, Sexa o primeiro en etiquetar este rexistro!
|
| Thư viện lưu trữ: | Trung tâm Học liệu Trường Đại học Cần Thơ |
|---|
| LEADER | 00421nam a2200145Ia 4500 | ||
|---|---|---|---|
| 001 | CTU_38788 | ||
| 008 | 210402s9999 xx 000 0 und d | ||
| 082 | |a 635.04 | ||
| 082 | |b K99 | ||
| 245 | 0 | |a Kyowa seed: Vegetable seeds catalogue | |
| 260 | |a Japan | ||
| 260 | |b Kyowa Seed Co | ||
| 650 | |a seeds - catalogue,vegetables - varieties | ||
| 904 | |i Liên, 990910 | ||
| 980 | |a Trung tâm Học liệu Trường Đại học Cần Thơ | ||